| 000 | 00956nam a22002417a 4500 | ||
|---|---|---|---|
| 001 | 77673 | ||
| 003 | BD-RjUL | ||
| 005 | 20211209083017.0 | ||
| 008 | 201223s19991996ii ||||| |||| 00| d ben d | ||
| 035 | _a(BD-RjUL)44214 | ||
| 040 |
_aBD-RjUL _bben _cBD-RjUL |
||
| 041 | _aben | ||
| 082 |
_223 _a891.22 _bKAO 1999 |
||
| 100 |
_aকালিদাস _9135397 |
||
| 245 | 1 | 0 |
_aঅভিজ্ঞান-শকুন্তলম / _cকালিদাস |
| 250 | _aপরিবর্ধিত ৪ র্থ সংস্করণ | ||
| 260 |
_aকলিকাতা : _bসংস্কৃত পুস্তক ভান্ডার, _c১৯৯৯ |
||
| 300 |
_a ৫৮০ পৃ. ; _c২১ সেমি. |
||
| 650 |
_aসংস্কৃত সাহিত্য _9135400 |
||
| 650 |
_aSanskrit Literature _9135401 |
||
| 700 |
_aচক্রবর্তী, সত্যনারায়ণ, সম্পাদক _9242861 |
||
| 942 |
_2ddc _cBK |
||
| 999 |
_c77673 _d77673 |
||